000 00647nam a2200217 i 4500
001 bg
100 1 _aWROTNY, Lucjan Tadeusz
245 0 _aProjektowanie obrabiarek :
_bzagadnienia ogólne i przykłady obliczeń /
_cLucjan T. Wrotny.
250 _aWyd.3 gruntownie zm.
260 _aWarszawa :
_bWydawnictwa Naukowo-Techniczne,
_c1986.
300 _a338,[2] s. :
_bil., rys., wykr. ;
_c24 cm.
504 _aBibliogr. s. 331-333.
650 9 _aObrabiarki
_xprojektowanie
020 _a8320407028
040 _cBPK
041 _apol
080 _a621.9
920 _a83-204-0702-8
942 _cKS
008 s pl f |000 0 pol
999 _c2809
_d2809
856 _uhttp://koha.tu.koszalin.pl/cgi-bin/koha/opac-detail.pl?biblionumber=2809
_yKatalog online BPK